000 00418nam a22001817a 4500
003 MPLRDC
005 20220104143850.0
008 210129b ||||| |||| 00| 0 eng d
020 _a957-8282-00-1
082 _a411.35 CLK
100 _a陈良克
245 _a蔬果瘦身档案
_c
250 _a初版
260 _a
_b当代书房
_c1998
300 _b
650 _a食物减肥
942 _cBK
_o411.35 CLK
999 _c44104
_d44094